1089 1829 1543 1729 1078 1592 1765 1001 1963 1178 1783 1725 1213 1907 1890 1822 1488 1346 1308 1016 1313 1880 1680 1182 1505 1505 1702 1834 1695 1366 1198 1563 1839 1717 1985 1533 1341 1376 1294 1665 1919 1087 1398 1534 1662 1677 1087 1547 1150 1073 1998 1433 1019 1360 1367 1113 1193 1906 1121 1684 1339 1645 1602 1353 1455 1887 1032 1791 1127 1366 1175 1781 1680 1961 1126 1585 1006 1893 1421 1359 1673 1328 1564 1758 1271 1186 1604 1816 1654 1084 1421 1245 1900 1034 1384 1196 1638 1764 1645 BCNSPRNW ULIB Ver.6.0+V

เปลี่ยนเป็นภาษาไทย

Change to English
 แสดงรายละเอียดบรรณานุกรม
  กลับหน้าหลัก

Brief Record : Get Marc (ISO 2709) : E-mail record : QR code < ปิดหน้าต่าง
LEADER : 00000nam 2200000uu 4500
001    13399121710
003     ULIB
008    121130s2547||||th 000 0 tha d
020    ^a9749184718
060 04 ^aWS^bศ486ต
100 0  ^aศิริวรรณ วนานุกูล
245 10 ^aตำราโรคผิวหนังเด็ก. ^nเล่ม 1 /^cศิริวรรณ วนานุกูล
250    ^aพิมพ์ครั้งที่ 1
260    ^aกรุงเทพฯ :^bภาควิชากุมารเวชศาสตร์ คณะแพทยศาสตร์จุฬาลงกรณ์มหาวิทยาลัย,^c2547
300    ^a202 หน้า :^bภาพประกอบสี ;^c27 ซม.
504    ^aบรรณานุกรมและดัชนี
591    ^aLICL มี ล. 1
650  7 ^aผิวหนัง, โรค^xการวินิจฉัย
650  7 ^aผิวหนัง, โรค^xในวัยทารกและวัยเด็ก
710 2  ^aจุฬาลงกรณ์มหาวิทยาลัย. ^bคณะแพทยศาสตร์.^bภาควิชากุมารเวชศาสตร์
945    ^p550^l0^i12838
945    ^p550^l0^i12839
945    ^p550^l0^i12840
945    ^p550^l0^i24013
995    ^aวิภา
999 ^a ใช้งานได้ทุกระบบ
รายการนี้ยังไม่มีแท็ก
คุณยังไม่ได้ล็อกอิน คุณสามารถมีกิจกรรมร่วมกับเว็บไซต์ได้ แต่ต้องล็อกอินก่อน ::
  ล็อกอิน

รายการสื่อสารสนเทศ

ลำดับที่ ประเภท เลขเรียก/บาร์โค้ด สถานที่ สถานะ
1. วิทยาศาสตร์การแพทย์ และสุขภาพ
วิทยาศาสตร์การแพทย์ และสุขภาพ
WS ศ486ต  
  Barcode: 12838
ห้องสมุดวิทยาเขตสวรรค์ประชารักษ์
►หนังสือทั่วไป
บนชั้น
2. วิทยาศาสตร์การแพทย์ และสุขภาพ
วิทยาศาสตร์การแพทย์ และสุขภาพ
WS ศ486ต ฉ.2 
  Barcode: 12839
ห้องสมุดวิทยาเขตสวรรค์ประชารักษ์
►หนังสือทั่วไป
บนชั้น
3. วิทยาศาสตร์การแพทย์ และสุขภาพ
วิทยาศาสตร์การแพทย์ และสุขภาพ
WS ศ486ต ฉ.3 
  Barcode: 12840
ห้องสมุดวิทยาเขตสวรรค์ประชารักษ์
►หนังสือทั่วไป
บนชั้น
4. วิทยาศาสตร์การแพทย์ และสุขภาพ
วิทยาศาสตร์การแพทย์ และสุขภาพ
WS ศ486ต ฉ.4 
  Barcode: 24013
ห้องสมุดวิทยาเขตสวรรค์ประชารักษ์
►หนังสือทั่วไป
บนชั้น

รายการใกล้เคียง
    ผู้แต่ง [ศิริวรรณ วนานุกูล]

BibComment


ยังไม่เคยถูกคอมเมนท์

คอมเมนท์ทรัพยากรรายการนี้
  คอมเมนท์: ตำราโรคผิวหนังเด..


 Copyright 2026. Bcnsprnw @Library